Kocáb, Alfréd, 1925-. Cestou necestou. - Středokluky : Susa. - 2007 [Rezension]
| Titel: | Kocáb, Alfréd, 1925-. Cestou necestou. - Středokluky : Susa. - 2007 [Rezension] |
|---|---|
| Verfasser: | |
| In: |
Křestanská revue, Band 74, Heft 6 (2007), Seite 41-43 alle Artikel anzeigen |
| Veröffentlicht: | 2007 |
| Format: | Aufsatz |
| Sprache: | Tschechisch |
X
alg: 39520786 001A $01999:12-11-16 001B $01999:09-08-21 $t17:43:18.000 001D $01999:12-11-16 001U $0utf8 001X $00 002@ $0Aox 003@ $039520786X 007A $039520786X $aHEB 007T $0Herdp30405 010@ $acze 011@ $a2007 021A $aKocáb, Alfréd, 1925-. Cestou necestou. - Středokluky : Susa. - 2007 [Rezension] 028A $aŠtvanický $dBal-am 031A $d74 $e6 $h41-43 $j2007 039B $aIn $8--Abvc--. Křestanská revue. - Praha, 1927-. - ISSN 0023-4613 $x200700000740006959 $9047477830 039T $8--Aau--Kocáb, Alfréd$Z1925- [Tp1]. Cestou necestou. - Středokluky : Susa, 2007. - 238 S., [4] Bl. - Ill.. - ISBN 978-80-86057-41-5 $9192096680 045F $a900.94371 $eDDC23BSB 045F/01 $a900 045F/03 $g4371 045T $a1 $a7,41 lok: 39520786 78 exp: 39520786 78 1 #EPN 201B/01 $026-11-17 $t04:16:10.000 201U/01 $0utf8 203@/01 $0791532488 208@/01 $a12-11-16 $be 209A/01 $a/ $f000 $x00 220C/01 $aHerkunft: Hú Av Čr Praha 244Z/01 $#Tschechien $#Tschechische Republik $#Tschechische Republik $#Tschechenland $#Tschechei Tschechien $#Česká Republika $#Czech Republic $#ČR $74303381-7 $8--Tg1--Tschechien $x01 $9086659812 244Z/01 $2Trx $#Böhmen $#Bohemia $#Czechy $8--Trx--Čechy $x02 $9391188941 244Z/01 $2Trx $#arvustused $#recenzijos $#Reviews $#recenziók $#recenzje $#recenzie $#recenze $8--Trx--Rezensionen $x03 $9391357441 247C/01 $82080>Marburg/Lahn, Herder-Institut, Forschungsbibliothek, Bibliographieportal $9336309341
| LEADER | 00000caa a22000002c 4500 | ||
|---|---|---|---|
| 001 | 39520786X | ||
| 003 | DE-603 | ||
| 005 | 20210809174318.0 | ||
| 007 | tu | ||
| 008 | 161112s2007 xx |||| | u00||u|cze c | ||
| 035 | |a (DE-599)HEB39520786X | ||
| 040 | |a DE-603 |b ger |c DE-603 |d DE-603 | ||
| 041 | |a cze | ||
| 082 | 0 | 4 | |8 1\u |a 900.94371 |q DE-101 |2 23/BSB |
| 084 | |a 1 |a 7,41 |2 ssgn | ||
| 085 | |8 1\u |b 900 | ||
| 085 | |8 1\u |z 2 |s 4371 | ||
| 100 | 1 | |a Štvanický, Bal-am | |
| 245 | 0 | 0 | |a Kocáb, Alfréd, 1925-. Cestou necestou. - Středokluky : Susa. - 2007 [Rezension] |
| 264 | 0 | |c 2007 | |
| 773 | 0 | 8 | |i In |t Křestanská revue |d Praha, 1927- |x 0023-4613 |g Band 74, Heft 6 (2007), Seite 41-43 |w (DE-603)047477830 |w (DE-600)301508-7 |
| 787 | 0 | 8 | |i Rezension von |a Kocáb, Alfréd, 1925- |t Cestou necestou |d Středokluky : Susa, 2007 |h 238 S., [4] Bl, Ill. |z 9788086057415 |w (DE-603)192096680 |
| 924 | 0 | |9 2080 |a (DE-603)791532488 |b DE-2080 |c HES |d d |g / | |


